What Must Public Companies Disclose? (Registro nro. 169509)
[ vista simple ]
| 000 -LEADER | |
|---|---|
| fixed length control field | 01242nam a22002537a 4500 |
| 007 - PHYSICAL DESCRIPTION FIXED FIELD--GENERAL INFORMATION | |
| fixed length control field | cr|||| |||| |
| 008 - FIXED-LENGTH DATA ELEMENTS--GENERAL INFORMATION | |
| fixed length control field | 210225s2019 us |||||s|||| 00||0 eng d |
| 020 ## - INTERNATIONAL STANDARD BOOK NUMBER | |
| International Standard Book Number | 9781641054584 |
| 035 ## - | |
| -- | 31249 |
| 040 ## - CATALOGING SOURCE | |
| Original cataloging agency | vLex |
| 090 ## - | |
| -- | 11273 |
| -- | 11273 |
| 100 1# - MAIN ENTRY--PERSONAL NAME | |
| Personal name | Tsacoumis, Stephanie |
| 245 10 - TITLE STATEMENT | |
| Title | What Must Public Companies Disclose? |
| Medium | [Recurso electrónico] : |
| Remainder of title | A Primer / |
| Statement of responsibility, etc | Stephanie Tsacoumis |
| 256 ## - | |
| -- | Servicio en línea |
| 260 ## - PUBLICATION, DISTRIBUTION, ETC. (IMPRINT) | |
| Place of publication, distribution, etc | Chicago: |
| Name of publisher, distributor, etc | American Bar Association, |
| Date of publication, distribution, etc | 2019 |
| 300 ## - PHYSICAL DESCRIPTION | |
| Extent | 1 recurso electrónico |
| 500 ## - GENERAL NOTE | |
| General note | What Must Public Companies Disclose? A Primer is a primer on the disclosure requirements applicable to public companies and their executive officers and directors. The book's audience includes non-securities lawyers, accountants and public company directors and officers. |
| 506 1# - RESTRICTIONS ON ACCESS NOTE | |
| Terms governing access | Disponible solo en los productos indicados |
| Authorized users | vLex Global |
| -- | vLex Global (Academic Edition, excluding Law Schools) |
| -- | vLex Global (Academic Edition, Law Schools) |
| 650 04 - SUBJECT ADDED ENTRY--TOPICAL TERM | |
| Topical term or geographic name as entry element | Derecho Mercantil y de la Empresa |
| Geographic subdivision | Estados Unidos |
| 740 0# - | |
| -- | vLex Libros (Servicio en línea) |
| 856 40 - LOCALIZACIÓN Y ACCESO ELECTRÓNICO | |
| Identificador Uniforme del Recurso (URI/URL) | https://app.vlex.com/#/sources/what-must-public-companies-disclose-a-primer-31249 |
| 942 ## - | |
| -- | RAA |
| 999 ## - | |
| -- | 169509 |
| -- | 169509 |
No hay ítems disponibles.